| 000 | 00755nam a2200229 i 4500 | ||
|---|---|---|---|
| 001 | bg | ||
| 100 | 1 | _aWOŁEK, Stanisław | |
| 245 | 0 |
_aWstęp do informatyki / _cStanisław Wołek. -Cz.1. |
|
| 260 |
_aRzeszów : _bOficyna Wydaw. Politechniki Rzeszowskiej, _c1997. |
||
| 300 |
_a76, [1] s. : _brys., wykr. ; _c24 cm. |
||
| 521 | _aSkrypt dla Wydz. Budowy Maszyn i Lotnictwa oraz Wydz. Zarządzania i Marketingu do wykładów i ćwiczeń z przedmiotu "Wstęp do informatyki". | ||
| 650 | 9 | _aInformatyka | |
| 650 | 9 | _aKomputery | |
| 655 | _aPodręczniki akademickie | ||
| 020 | _a8386705809 | ||
| 040 | _cBPK | ||
| 041 | 0 | _apl | |
| 080 | _a681.322(075.8) | ||
| 920 | _a83-86705-80-9 | ||
| 942 | _cKS | ||
| 008 | s pl f |000 0 pol | ||
| 999 |
_c31653 _d31653 |
||
| 856 |
_uhttp://koha.tu.koszalin.pl/cgi-bin/koha/opac-detail.pl?biblionumber=31653 _yKatalog online BPK |
||